Black, white and polka dot / (Record no. 160079)

MARC details
000 -LEADER
fixed length control field 00429nam a22001697a 4500
005 - DATE AND TIME OF LATEST TRANSACTION
control field 20190114152839.0
010 ## - LCCN (DPL NO)
LC control number B-213152
020 ## - INTERNATIONAL STANDARD BOOK NUMBER
International Standard Book Number 8170491738
Terms of availability 250.00
035 ## - SYSTEM CONTROL NUMBER
System control number B-213152
037 ## - SOURCE OF ACQUISITION
Source of stock number/acquisition Manas Publications
082 ## - DEWEY DECIMAL CLASSIFICATION NUMBER
Classification number S
100 ## - MAIN ENTRY--PERSONAL NAME
Personal name Jha, Aparna
245 ## - TITLE STATEMENT
Title Black, white and polka dot /
Statement of responsibility, etc Aparna Jha
260 ## - PUBLICATION, DISTRIBUTION, ETC. (IMPRINT)
Place of publication, distribution, etc New Delhi
Name of publisher, distributor, etc Manas Publications
Date of publication, distribution, etc 2003
300 ## - PHYSICAL DESCRIPTION
Extent 128p.
Dimensions 22cm(hbk)
942 ## - ADDED ENTRY ELEMENTS (KOHA)
Source of classification or shelving scheme Dewey Decimal Classification
Item type English Books
Classification part S
Call number suffix JHA
Holdings
Withdrawn status Lost status Not for loan Collection code Home library Current library Date acquired Full call number Barcode Koha item type
      Fiction Sarojini Nagar Sarojini Nagar 14/01/2019 S JHA B-213152 English Books
      Fiction Sarojini Nagar Sarojini Nagar 29/01/2019 S JHA B-213137 English Books

© Delhi Public Library
Hit Counter
free hit counter